Who's Who in International Organizations <A> Biographical Encyclopedia of More Than 12 000 Leading Personalities
Enregistré dans:
| Autres auteurs: | |
|---|---|
| Format: | Livre |
| Langue: | anglais |
| Publié: |
München
Saur
1992
|
| Édition: | 1. ed. |
| Sujets: | |
| Tags: |
Pas de tags, Soyez le premier à ajouter un tag!
|
MARC
| LEADER | 00000nam a2200000 4500 | ||
|---|---|---|---|
| 001 | c010139 | ||
| 005 | 20221214091954.2 | ||
| 020 | |a 3-598-10911-3 | ||
| 041 | 0 | |a eng | |
| 044 | |a DE | ||
| 245 | 1 | 0 | |a Who's Who in International Organizations |b <A> Biographical Encyclopedia of More Than 12 000 Leading Personalities |c Edit. Jon C. Jenkins |
| 250 | |a 1. ed. | ||
| 264 | 1 | |a München |b Saur |c 1992 | |
| 300 | |a 224 s. | ||
| 610 | 2 | 0 | |a organizácie medzinárodné |
| 610 | 2 | 0 | |a biografia |
| 700 | 1 | |a Jenkins, Jon C. | |